Add a Letter - Make an Island Country - Statistics

General Stats
  • This quiz has been taken 180 times
  • The average score is 9 of 12
Answer Stats
Word Letter Country % Correct
Syrup C Cyprus
99%
Goat N Tonga
86%
Avaunt U Vanuatu
86%
Await N Taiwan
78%
Urine B Brunei
77%
Devisal M Maldives
77%
Garden A Grenada
69%
Denial C Iceland
66%
Nomadic I Dominica
65%
Linear D Ireland
63%
Tiramisu U Mauritius
59%
Spongier A Singapore
50%
No matching quizzes found
Score Distribution
Percent of People with Each Score
Percentile by Number Answered
Your Score History
You have not taken this quiz